<?xml version="1.0" encoding="UTF-8"?>
<collection xmlns="http://www.loc.gov/MARC21/slim">
<record>
  <controlfield tag="001">152096</controlfield>
  <controlfield tag="005">20260306152056.0</controlfield>
  <datafield tag="024" ind1="7" ind2=" ">
    <subfield code="2">doi</subfield>
    <subfield code="a">10.3390/su132011208</subfield>
  </datafield>
  <datafield tag="024" ind1="8" ind2=" ">
    <subfield code="2">sideral</subfield>
    <subfield code="a">126537</subfield>
  </datafield>
  <datafield tag="037" ind1=" " ind2=" ">
    <subfield code="a">ART-2021-126537</subfield>
  </datafield>
  <datafield tag="041" ind1=" " ind2=" ">
    <subfield code="a">eng</subfield>
  </datafield>
  <datafield tag="100" ind1=" " ind2=" ">
    <subfield code="a">Hemker, S.</subfield>
  </datafield>
  <datafield tag="245" ind1=" " ind2=" ">
    <subfield code="a">The transformation of data marketing: How an ethical lens on consumer data collection shapes the future of marketing</subfield>
  </datafield>
  <datafield tag="260" ind1=" " ind2=" ">
    <subfield code="c">2021</subfield>
  </datafield>
  <datafield tag="506" ind1="0" ind2=" ">
    <subfield code="a">Access copy available to the general public</subfield>
    <subfield code="f">Unrestricted</subfield>
  </datafield>
  <datafield tag="520" ind1="3" ind2=" ">
    <subfield code="a">With a mass of customer data at our fingertips and the ability to use it to individualize promotion strategies, marketing communications, and product offerings, marketing activities are becoming more and more tailored to the individual customer. However, as concerns about online privacy and the handling of personal data take on an ever-increasing significance, marketers must increasingly evaluate and adapt their personalization and data collection methods. As a result, there is an increasing demand to take a critical look at the collection of data for personalization processes from an ethical perspective and to consider implications for further initiatives to maintain consumers’ trust. This research study utilizes a systematic literature review approach to investigate the current state of knowledge on the tradeoff between personalization and customer privacy by synthesizing and integrating extant knowledge. From the results of the present study’s search process, 20 articles were selected and analyzed for this review. Findings emphasize the importance of strengthening consumer relationships by increasing consumer trust, loyalty, confidence, and emotional attachment through specific organizational activities. The adaptation of marketing-related activities can thereby create a competitive advantage for data-collecting companies, as consumer backlash and privacy concerns decrease, and the willingness to disclose data increases. The current research contributes to the field of marketing by reviewing the issue of increasing personalization at the cost of customer privacy and explores how the resulting ethical considerations may affect the future of marketing practices. It thereby serves to help marketeers to implement effective strategies to ensure customer relationships and the resulting willingness to disclose personal data for personalization processes.</subfield>
  </datafield>
  <datafield tag="540" ind1=" " ind2=" ">
    <subfield code="9">info:eu-repo/semantics/openAccess</subfield>
    <subfield code="a">by</subfield>
    <subfield code="u">https://creativecommons.org/licenses/by/4.0/deed.es</subfield>
  </datafield>
  <datafield tag="590" ind1=" " ind2=" ">
    <subfield code="a">3.889</subfield>
    <subfield code="b">2021</subfield>
  </datafield>
  <datafield tag="591" ind1=" " ind2=" ">
    <subfield code="a">ENVIRONMENTAL STUDIES</subfield>
    <subfield code="b">57 / 128 = 0.445</subfield>
    <subfield code="c">2021</subfield>
    <subfield code="d">Q2</subfield>
    <subfield code="e">T2</subfield>
  </datafield>
  <datafield tag="591" ind1=" " ind2=" ">
    <subfield code="a">ENVIRONMENTAL SCIENCES</subfield>
    <subfield code="b">133 / 279 = 0.477</subfield>
    <subfield code="c">2021</subfield>
    <subfield code="d">Q2</subfield>
    <subfield code="e">T2</subfield>
  </datafield>
  <datafield tag="591" ind1=" " ind2=" ">
    <subfield code="a">GREEN &amp; SUSTAINABLE SCIENCE &amp; TECHNOLOGY</subfield>
    <subfield code="b">35 / 47 = 0.745</subfield>
    <subfield code="c">2021</subfield>
    <subfield code="d">Q3</subfield>
    <subfield code="e">T3</subfield>
  </datafield>
  <datafield tag="591" ind1=" " ind2=" ">
    <subfield code="a">GREEN &amp; SUSTAINABLE SCIENCE &amp; TECHNOLOGY</subfield>
    <subfield code="b">7 / 9 = 0.778</subfield>
    <subfield code="c">2021</subfield>
    <subfield code="d">Q4</subfield>
    <subfield code="e">T3</subfield>
  </datafield>
  <datafield tag="592" ind1=" " ind2=" ">
    <subfield code="a">0.664</subfield>
    <subfield code="b">2021</subfield>
  </datafield>
  <datafield tag="593" ind1=" " ind2=" ">
    <subfield code="a">Energy Engineering and Power Technology</subfield>
    <subfield code="c">2021</subfield>
    <subfield code="d">Q1</subfield>
  </datafield>
  <datafield tag="593" ind1=" " ind2=" ">
    <subfield code="a">Renewable Energy, Sustainability and the Environment</subfield>
    <subfield code="c">2021</subfield>
    <subfield code="d">Q1</subfield>
  </datafield>
  <datafield tag="593" ind1=" " ind2=" ">
    <subfield code="a">Management, Monitoring, Policy and Law</subfield>
    <subfield code="c">2021</subfield>
    <subfield code="d">Q1</subfield>
  </datafield>
  <datafield tag="593" ind1=" " ind2=" ">
    <subfield code="a">Geography, Planning and Development</subfield>
    <subfield code="c">2021</subfield>
    <subfield code="d">Q1</subfield>
  </datafield>
  <datafield tag="594" ind1=" " ind2=" ">
    <subfield code="a">5.0</subfield>
    <subfield code="b">2021</subfield>
  </datafield>
  <datafield tag="655" ind1=" " ind2="4">
    <subfield code="a">info:eu-repo/semantics/article</subfield>
    <subfield code="v">info:eu-repo/semantics/publishedVersion</subfield>
  </datafield>
  <datafield tag="700" ind1=" " ind2=" ">
    <subfield code="a">Herrando, C.</subfield>
    <subfield code="u">Universidad de Zaragoza</subfield>
    <subfield code="0">(orcid)0000-0002-2653-2473</subfield>
  </datafield>
  <datafield tag="700" ind1=" " ind2=" ">
    <subfield code="a">Constantinides, E.</subfield>
  </datafield>
  <datafield tag="710" ind1="2" ind2=" ">
    <subfield code="1">4011</subfield>
    <subfield code="2">095</subfield>
    <subfield code="a">Universidad de Zaragoza</subfield>
    <subfield code="b">Dpto. Direc.Mark.Inves.Mercad.</subfield>
    <subfield code="c">Área Comerci.Investig.Mercados</subfield>
  </datafield>
  <datafield tag="773" ind1=" " ind2=" ">
    <subfield code="g">13, 20 (2021), 11208 [13 pp.]</subfield>
    <subfield code="p">Sustainability (Basel)</subfield>
    <subfield code="t">Sustainability (Switzerland)</subfield>
    <subfield code="x">2071-1050</subfield>
  </datafield>
  <datafield tag="856" ind1="4" ind2=" ">
    <subfield code="s">265501</subfield>
    <subfield code="u">http://zaguan.unizar.es/record/152096/files/texto_completo.pdf</subfield>
    <subfield code="y">Versión publicada</subfield>
  </datafield>
  <datafield tag="856" ind1="4" ind2=" ">
    <subfield code="s">2859389</subfield>
    <subfield code="u">http://zaguan.unizar.es/record/152096/files/texto_completo.jpg?subformat=icon</subfield>
    <subfield code="x">icon</subfield>
    <subfield code="y">Versión publicada</subfield>
  </datafield>
  <datafield tag="909" ind1="C" ind2="O">
    <subfield code="o">oai:zaguan.unizar.es:152096</subfield>
    <subfield code="p">articulos</subfield>
    <subfield code="p">driver</subfield>
  </datafield>
  <datafield tag="951" ind1=" " ind2=" ">
    <subfield code="a">2026-03-06-15:18:36</subfield>
  </datafield>
  <datafield tag="980" ind1=" " ind2=" ">
    <subfield code="a">ARTICLE</subfield>
  </datafield>
</record>
</collection>